000 00445nam a2200169 4500
001 45579
090 _a45579
100 _a20260127 pory50
101 _apor
102 _aPT
200 _aInsectos, Aranhas Serpentes
_fKen Preston-Mafham ... [et al.]
210 _aLisboa
_cEdições 70
_d[D.L. 2003]
215 _a224 p.
_cil.
314 _aKen Preston-Mafham , Nigel Marven , Rob Harvey
675 _a59(03)
801 _aPT
_gRPC
990 _cLIVROS